00593nam a2200205Ia 4500003000900000008004100009020002200050040001600072080001900088100001700107245005400124250001200178260004800190300001700238490004100255650001800296650002100314650002600335700002600361IN-BaIIA211028s9999 xx 000 0 eng d a978-1-107-01014-7 cIIA Library a524.354.4bLYN aLyne, Andrew 0aPulsar astronomycAndrew Lyne and F. Graham-Smith a4th ed. aCambridgebCambridge University Pressc2012 axxvii, 345p. aCambridge astrophysics series; v. 48 aNeutran stars aPulsar astronomy aTelescope- techniques aGraham-Smith, Francis